UM Logo

The history of Late Modern Englishes : (Record no. 16711)

MARC details
000 -LEADER
fixed length control field 03042cam a22003498i 4500
001 - CONTROL NUMBER
control field 21823749
005 - DATE AND TIME OF LATEST TRANSACTION
control field 20220311105559.0
008 - FIXED-LENGTH DATA ELEMENTS--GENERAL INFORMATION
fixed length control field 201121s2021 enk b 001 0 eng
010 ## - LIBRARY OF CONGRESS CONTROL NUMBER
LC control number 2020052081
020 ## - INTERNATIONAL STANDARD BOOK NUMBER
International Standard Book Number 9780367148362
020 ## - INTERNATIONAL STANDARD BOOK NUMBER
International Standard Book Number 9780367198251
020 ## - INTERNATIONAL STANDARD BOOK NUMBER
Canceled/invalid ISBN 9780429243493
040 ## - CATALOGING SOURCE
Original cataloging agency LBSOR/DLC
Language of cataloging eng
Description conventions rda
Transcribing agency DLC
042 ## - AUTHENTICATION CODE
Authentication code pcc
050 00 - LIBRARY OF CONGRESS CALL NUMBER
Classification number PE1075
Item number .J67 2021
082 00 - DEWEY DECIMAL CLASSIFICATION NUMBER
Classification number DC 420.9
Edition number 2021
Item number J630
100 1# - MAIN ENTRY--PERSONAL NAME
Personal name Johnson, Keith,
Dates associated with a name 1944-
Relator term author.
9 (RLIN) 44669
245 14 - TITLE STATEMENT
Title The history of Late Modern Englishes :
Remainder of title an activity-based approach /
Statement of responsibility, etc. Keith Johnson.
260 ## - PUBLICATION, DISTRIBUTION, ETC. (IMPRINT)
Place of publication, distribution, etc. Abingdon, Oxon :
Name of publisher, distributor, etc. Routledge ,
Date of publication, distribution, etc. ©2021.
263 ## - PROJECTED PUBLICATION DATE
Projected publication date 2104
300 ## - PHYSICAL DESCRIPTION
Extent xv, 228 pages :
Other physical details illustrations ;
Dimensions 24 cm.
490 0# - SERIES STATEMENT
Series statement Learning about language
504 ## - BIBLIOGRAPHY, ETC. NOTE
Bibliography, etc Includes bibliographical references and index.
505 0# - FORMATTED CONTENTS NOTE
Formatted contents note Into the middle of things -- 'Ascertaining English' : the eighteenth century -- The nineteenth century : English, standard and non-standard -- short interlude about variety -- 'A tongue of small reach' : England -- 'A tongue of small reach' : Wales, Scotland, Ireland -- 'Immigrants goes to America' : English in North America -- A world apart? : Australia and New Zealand -- Wider still and wider -- Pidgins, Creoles, and Tok Pisin : a 'ghastly mutilated English'? -- Worldwide -- English : a language with a past . . . and a future?
520 ## - SUMMARY, ETC.
Summary, etc. "The History of Late Modern Englishes provides an accessible and student-friendly introduction to the history of the English language from the beginning of the eighteenth century up until the present day. Taking an activity-based approach, this text ensures that students learn by engaging with the fascinating evolution of this language rather than by simply reading about it. The History of Late Modern Englishes: Covers the development of Englishes around the world, not only in the British Isles, but also in the United States, Canada, India, Singapore, Australia, New Zealand and Melanesia, as well as in other countries around the world where English is used as a lingua franca; Accommodates the needs of both native and non-native speakers of English, with helpful features such as a glossary of key terms and questions to guide the reader through the book; Includes activity sections and discussion points to help students engage with the text; Is accompanied by e-resources which include further activities and additional coverage of points of interest in the book. Written by an experienced teacher and author, this book is an essential course textbook for any module on the history of English and the perfect accompaniment to the author's own The History of Early English"--
650 #0 - SUBJECT ADDED ENTRY--TOPICAL TERM
Topical term or geographic name as entry element English language
General subdivision History.
9 (RLIN) 44670
650 #0 - SUBJECT ADDED ENTRY--TOPICAL TERM
Topical term or geographic name as entry element English language
General subdivision Variation.
9 (RLIN) 44671
776 08 - ADDITIONAL PHYSICAL FORM ENTRY
Relationship information Online version:
Main entry heading Johnson, Keith, 1944-
Title History of Late Modern Englishes
Place, publisher, and date of publication Abingdon, Oxon ; New York, NY : Routledge, 2021
International Standard Book Number 9780429243493
Record control number (DLC) 2020052082
906 ## - LOCAL DATA ELEMENT F, LDF (RLIN)
a 7
b cbc
c orignew
d 1
e ecip
f 20
g y-gencatlg
942 ## - ADDED ENTRY ELEMENTS (KOHA)
Source of classification or shelving scheme Dewey Decimal Classification
Koha item type Circulation
Holdings
Withdrawn status Lost status Source of classification or shelving scheme Damaged status Not for loan Collection code Home library Current library Date acquired Source of acquisition Cost, normal purchase price Total Checkouts Full call number Barcode Date last seen Price effective from Koha item type
    Dewey Decimal Classification     Circulation UM Digos College - LIC UM Digos College - LIC 02/10/2022 Purchased 5278.00   DC 420.9 J630 2021 26532 05/15/2025 03/11/2022 Circulation